| 000 | 01162nam a2200301Ia 4500 | ||
|---|---|---|---|
| 003 | OSt | ||
| 005 | 20231017150618.0 | ||
| 008 | 230704t1994||||xx |||||||||||||| ||und|| | ||
| 020 | _a9684267312 | ||
| 040 |
_aODONTO _bspa _cODONTO _dODONTO |
||
| 041 | _aspa | ||
| 082 | _a616.075028 D537:32 | ||
| 245 | 0 |
_aDiagnóstico clínico y tratamiento1997 / _cLawrence M. Tierney... [et al.] ; tr. Jorge Mérigo Jane.-- |
|
| 250 | _a32 ed. -- | ||
| 260 |
_aMéxico : _bEl Manual Moderno, _c1994. |
||
| 300 |
_axviii, 1541 p. : _bil. ; _c26 cm. |
||
| 500 | _aTítulo en Inglés: Current medical diagnosis & treatment 1966. Bibliografía capitular e indice | ||
| 650 | 0 | 2 |
_aEnfermedades - Diagnóstico _92703 |
| 650 | 0 | 2 |
_aMedicina clínica _9514 |
| 650 | 0 | 2 |
_aMedicina preventiva _92865 |
| 650 | 0 | 2 |
_aFarmacología _9975 |
| 650 | 0 | 2 |
_aEnfermedades - Tratamiento _93082 |
| 650 | 0 | 2 |
_aExamen físico (Medicina) _91966 |
| 700 | 0 | 1 |
_a Tierney, Lawrence M (coaut.) Mcphee Stephen J (coaut.) _96845 |
| 700 | 0 | 1 |
_aPapadakis, Maxine A (coaut.) _96846 |
| 700 | 0 | 1 |
_atr. Jorge Mérigo Jane _95831 |
| 942 |
_aBiblioteca de Odontología _cLibros _nno _k616.075028 D537:32 _2ddc _e32 ed. |
||
| 999 |
_c2313 _d2313 |
||